[Event "10th Leiden Open A 2016"]
[Site "Leiden NED"]
[Date "2016.07.19"]
[Round "5.19"]
[White "Rebers,E"]
[Black "Sahil,Tic"]
[Result "0-1"]
[WhiteTitle "FM"]
[WhiteElo "2215"]
[BlackElo "2016"]
[WhiteFideId "1007556"]
[BlackFideId "5019710"]
[EventDate "2016.07.15"]

1. d4 Nf6 2. c4 c5 3. d5 b5 4. cxb5 a6 5. f3 g6 6. e4 Bg7 7. Nc3 O-O 8. Nh3 e6
9. Nf2 Bb7 10. bxa6 Nxa6 11. Bc4 exd5 12. Nxd5 Nxd5 13. Bxd5 Bxd5 14. Qxd5 Qa5+
15. Qd2 Qxd2+ 16. Kxd2 Rfb8 17. Nd1 Nb4 18. Nc3 Bxc3+ 19. Kxc3 Nxa2+ 20. Kc4 d6
21. Rb1 Ra4+ 22. Kd3 Rd4+ 23. Kc2 Nb4+ 24. Kc3 Na2+ 25. Kc2 Nb4+ 26. Kc3 d5 27.
exd5 Nxd5+ 28. Kc2 Nb4+ 29. Kc3 Na2+ 30. Kc2 Rc4+ 31. Kd3 Rxc1 32. Rhxc1 Nxc1+
33. Rxc1 Rxb2 34. g4 Rb5 35. h4 Kg7 36. g5 h6 37. f4 f6 38. Ke4 Rb4+ 39. Kf3 c4
40. Ra1 hxg5 41. hxg5 fxg5 42. fxg5 Rb7 43. Rc1 Rc7 44. Rc3 Kf7 45. Ke4 Ke6 46.
Rc2 c3 47. Kd3 Kf5 48. Rf2+ Kxg5 49. Kc2 Rc6 50. Rg2+ Kf4 51. Rf2+ Kg3 52. Rf1
g5 53. Rg1+ Kf4 54. Rf1+ Kg4 55. Rg1+ Kf5 56. Rf1+ Kg6 57. Rg1 Rc5 0-1

[Event "10th Leiden Open A 2016"]
[Site "Leiden NED"]
[Date "2016.07.21"]
[Round "6.1"]
[White "Beerdsen,Thomas"]
[Black "Van Wely,L"]
[Result "1-0"]
[WhiteTitle "FM"]
[BlackTitle "GM"]
[WhiteElo "2414"]
[BlackElo "2662"]
[WhiteFideId "1030108"]
[BlackFideId "1000268"]
[EventDate "2016.07.15"]

1. e4 c5 2. Nf3 d6 3. Bb5+ Nd7 4. O-O Nf6 5. Re1 a6 6. Bd3 b5 7. c4 g5 8. Nxg5
Ne5 9. Be2 bxc4 10. Na3 Rg8 11. f4 Nd3 12. Bxd3 cxd3 13. Qb3 d5 14. Qxd3 h6 15.
e5 Nh5 16. e6 Bxe6 17. Nxe6 fxe6 18. Qf3 Ng7 19. Qd3 Nh5 20. Qf3 Ng7 21. b3 Kd7
22. Bb2 Nf5 23. Nc4 Bg7 24. Bxg7 Rxg7 25. Ne5+ Kd6 26. b4 c4 27. Qf2 Qc7 28. g4
Qa7 29. Qxa7 Rxa7 30. Rac1 h5 31. d3 hxg4 32. dxc4 d4 33. b5 axb5 34. cxb5 Rxa2
35. Rc6+ Kd5 36. Nd3 Ne3 37. Nb4+ Ke4 38. Nxa2 g3 39. h3 e5 40. fxe5 Rf7 41. Rg6
Rf2 42. Nc3+ dxc3 43. Rxg3 Rf3 44. Rxf3 Kxf3 45. b6 c2 46. Rc1 1-0

[Event "10th Leiden Open A 2016"]
[Site "Leiden NED"]
[Date "2016.07.21"]
[Round "6.2"]
[White "Postny,E"]
[Black "Pijpers,A"]
[Result "1/2-1/2"]
[WhiteTitle "GM"]
[BlackTitle "IM"]
[WhiteElo "2625"]
[BlackElo "2473"]
[WhiteFideId "2804344"]
[BlackFideId "1019554"]
[EventDate "2016.07.15"]

1. d4 d5 2. c4 c6 3. Nf3 Nf6 4. g3 dxc4 5. Bg2 g6 6. O-O Bg7 7. a4 Ne4 8. Qc2
Nd6 9. e4 O-O 10. Na3 Na6 11. Nxc4 Nb4 12. Qe2 Nxc4 13. Qxc4 a5 14. Bf4 Qb6 15.
Rfd1 Be6 16. Qe2 Bg4 17. Be3 Rfd8 18. Qc4 Rd7 19. Ng5 Rf8 20. f3 h6 21. Nxf7
Rxf7 22. fxg4 e5 23. g5 exd4 24. gxh6 Nc2 25. Bf4 d3+ 26. Kh1 Nxa1 27. hxg7 Qb3
28. Qc1 Nc2 29. Qd2 Qb4 30. e5 Qxd2 31. Rxd2 Rxg7 32. e6 Rde7 33. Bh3 Nb4 34.
Bd6 Re8 35. Kg2 b5 36. axb5 cxb5 37. Kf3 Ra7 38. Ke4 Kg7 39. Bxb4 axb4 40. Rxd3
Rc7 41. b3 Rc2 42. Bg4 Rxh2 43. Ke5 Rg2 44. Rd7+ Kg8 45. Kf6 Rxg3 46. e7 Rxe7
47. Rxe7 Rxg4 48. Rg7+ Kf8 49. Rxg6 Rxg6+ 50. Kxg6 1/2-1/2

[Event "10th Leiden Open A 2016"]
[Site "Leiden NED"]
[Date "2016.07.21"]
[Round "6.3"]
[White "Pruijssers,R"]
[Black "Sandipan,C"]
[Result "1/2-1/2"]
[WhiteTitle "GM"]
[BlackTitle "GM"]
[WhiteElo "2463"]
[BlackElo "2568"]
[WhiteFideId "1013068"]
[BlackFideId "5004225"]
[EventDate "2016.07.15"]

1. e4 e5 2. Nf3 Nc6 3. Bb5 g6 4. c3 a6 5. Ba4 d6 6. O-O Bg7 7. d4 Bd7 8. Re1 Nf6
9. Bg5 h6 10. Bh4 O-O 11. dxe5 dxe5 12. Nbd2 Qe7 13. Nf1 b5 14. Bc2 Rad8 15. Ne3
g5 16. Bg3 Qc5 17. Qe2 Nh5 18. b4 Qa7 19. a4 Qb8 20. axb5 axb5 21. Nf5 Rfe8 22.
Nxg7 Kxg7 23. Qe3 f6 24. Nd2 Be6 25. Nb3 Bxb3 26. Bxb3 Nf4 27. Red1 Rxd1+ 28.
Rxd1 Rd8 29. h3 Rxd1+ 30. Bxd1 Qd8 31. Be2 Nxe2+ 32. Qxe2 Na7 33. f3 c6 34. Qa2
Qd7 35. Bf2 Nc8 36. Bc5 h5 37. Kf2 Ne7 38. Bxe7 Qxe7 39. Ke2 g4 40. hxg4 hxg4
41. Qd2 Qe6 42. Kf2 Kg6 43. Kg3 gxf3 1/2-1/2

[Event "10th Leiden Open A 2016"]
[Site "Leiden NED"]
[Date "2016.07.21"]
[Round "6.4"]
[White "Pavlovic,Milos"]
[Black "Ten Hertog,H"]
[Result "0-1"]
[WhiteTitle "GM"]
[BlackTitle "FM"]
[WhiteElo "2475"]
[BlackElo "2458"]
[WhiteFideId "900389"]
[BlackFideId "1026356"]
[EventDate "2016.07.15"]

1. e4 g6 2. d4 Bg7 3. Nf3 d6 4. c3 Nf6 5. Bd3 O-O 6. O-O c5 7. h3 Nc6 8. Nbd2
Qc7 9. Re1 cxd4 10. cxd4 Nh5 11. Nb3 a5 12. Be3 a4 13. Nbd2 Nb4 14. Bc4 d5 15.
a3 dxc4 16. axb4 b5 17. e5 Bb7 18. Nb1 f6 19. Nc3 fxe5 20. Nxe5 Rad8 21. Qg4 Bc8
22. Qe4 Bb7 23. Qg4 Bc8 24. Qh4 Bf6 25. Bg5 Qb6 26. Rad1 Ng7 27. Bxf6 exf6 28.
Ng4 Bxg4 29. Qxg4 Qd6 30. Ne4 Qxb4 31. Nc5 Rfe8 32. Rxe8+ Rxe8 33. Qf3 Qxb2 34.
Ne4 Qb3 35. Nxf6+ Kf7 36. Qf4 Qxd1+ 37. Kh2 Ne6 0-1

[Event "10th Leiden Open A 2016"]
[Site "Leiden NED"]
[Date "2016.07.21"]
[Round "6.5"]
[White "Kevlishvili,Robby"]
[Black "Slingerland,F"]
[Result "1-0"]
[WhiteTitle "FM"]
[BlackTitle "IM"]
[WhiteElo "2384"]
[BlackElo "2319"]
[WhiteFideId "1040634"]
[BlackFideId "1002473"]
[EventDate "2016.07.15"]

1. e4 c5 2. Nf3 d6 3. d4 cxd4 4. Nxd4 Nf6 5. Nc3 Nc6 6. Bg5 e6 7. Qd2 a6 8.
O-O-O Bd7 9. f4 b5 10. Bxf6 gxf6 11. Kb1 Qb6 12. Nxc6 Bxc6 13. f5 h5 14. fxe6
fxe6 15. Bd3 O-O-O 16. Rhf1 Bg7 17. Ne2 d5 18. exd5 Bxd5 19. Nf4 f5 20. Qe2 Kb8
21. c3 b4 22. c4 Bb7 23. c5 Qc6 24. Nxe6 Rde8 25. Rfe1 Rhf8 26. Bc4 Rf6 27. Qe5+
Ka7 28. Qg3 Bh8 29. Nd8 Rxd8 30. Rxd8 f4 31. Qf2 Rh6 32. Bd5 Qg6+ 33. Ka1 1-0

[Event "10th Leiden Open A 2016"]
[Site "Leiden NED"]
[Date "2016.07.21"]
[Round "6.6"]
[White "Ikonnikov,Vy"]
[Black "Harff,M"]
[Result "0-1"]
[WhiteTitle "GM"]
[BlackTitle "FM"]
[WhiteElo "2538"]
[BlackElo "2324"]
[WhiteFideId "4100972"]
[BlackFideId "24621382"]
[EventDate "2016.07.15"]

1. d4 f5 2. g3 d6 3. Nh3 g6 4. Bg2 Bg7 5. c3 c6 6. Nd2 Nf6 7. Qb3 Qb6 8. Nc4 Qa6
9. Ng5 Rf8 10. Nd2 d5 11. h4 h6 12. Nh3 Be6 13. Nf4 Bf7 14. Nf3 Nfd7 15. Nd3 c5
16. Nde5 c4 17. Qc2 Nc6 18. Nxd7 Kxd7 19. h5 g5 20. Qxf5+ Be6 21. Qg6 Rg8 22.
Bh3 Bxh3 23. Rxh3 Raf8 24. g4 Qb6 25. Qc2 Nd8 26. Be3 Kc7 27. O-O-O Nf7 28. Qa4
a6 29. Ne5 Qe6 30. Ng6 Re8 31. Rg1 Bf6 32. Bd2 b5 33. Qc2 Qc6 34. Qf5 Nd6 35.
Qe6 Ne4 36. Qxc6+ Kxc6 37. Be1 a5 38. f3 Nd6 39. e3 Nf7 40. e4 e5 41. exd5+ Kxd5
42. Bf2 Kc6 43. Rd1 Rd8 44. Rhh1 Rge8 45. dxe5 Bxe5 46. Rxd8 Rxd8 47. Re1 Bf4+
48. Be3 Bg3 49. Re2 Re8 50. Kd2 a4 51. Bd4 Rxe2+ 52. Kxe2 Bd6 53. Ke3 Kd5 54. f4
b4 55. fxg5 b3 56. axb3 cxb3 57. gxh6 Kc4 58. Kd2 Nxh6 59. g5 Nf7 60. Bf6 Bc5
61. h6 Be3+ 62. Kd1 a3 63. bxa3 Bxg5 64. Bxg5 Nxg5 65. Kc1 Kxc3 66. Nf4 b2+ 67.
Kb1 Nf3 68. Ne2+ Kb3 69. Nc1+ Kxa3 70. Kc2 Nd2 0-1

[Event "10th Leiden Open A 2016"]
[Site "Leiden NED"]
[Date "2016.07.21"]
[Round "6.7"]
[White "Van Tellingen,F"]
[Black "Horvath,Cs1"]
[Result "1-0"]
[BlackTitle "GM"]
[WhiteElo "2211"]
[BlackElo "2520"]
[WhiteFideId "1011421"]
[BlackFideId "700118"]
[EventDate "2016.07.15"]

1. e4 Nf6 2. e5 Nd5 3. d4 d6 4. Nf3 dxe5 5. Nxe5 c6 6. c3 g6 7. Bc4 Bg7 8. O-O
O-O 9. Nd2 Nd7 10. Ndf3 Nxe5 11. Nxe5 Be6 12. Qe2 c5 13. Nf3 cxd4 14. Nxd4 Bxd4
15. cxd4 Nc7 16. Bh6 Bxc4 17. Qxc4 Re8 18. Rfe1 Qd7 19. Re5 e6 20. Rc5 Na6 21.
Rg5 Rac8 22. Qd3 Nb4 23. Qf3 Qc6 24. Rb5 Nd5 25. Rc5 Qb6 26. Qa3 a6 27. Rac1
Rcd8 28. g4 f6 29. Qd3 Kf7 30. b3 Rd7 31. Qh3 Kg8 32. Qf3 Red8 33. Qe4 Kf7 34.
h4 Qd6 35. h5 Ne7 1-0

[Event "10th Leiden Open A 2016"]
[Site "Leiden NED"]
[Date "2016.07.21"]
[Round "6.8"]
[White "Sukandar,I"]
[Black "Kerkvliet,M"]
[Result "1-0"]
[WhiteTitle "IM"]
[WhiteElo "2419"]
[BlackElo "2210"]
[WhiteFideId "7101937"]
[BlackFideId "1025546"]
[EventDate "2016.07.15"]

1. e4 d5 2. exd5 Qxd5 3. Nc3 Qd6 4. d4 Nf6 5. Nf3 c6 6. Ne5 Nbd7 7. Nc4 Qc7 8.
Qf3 Nb6 9. Bf4 Qd7 10. Nxb6 axb6 11. O-O-O Qg4 12. Qe3 Nd5 13. Nxd5 cxd5 14. f3
Qg6 15. Qb3 Bd7 16. Qxd5 Qc6 17. Qb3 e6 18. d5 exd5 19. Rxd5 Bc5 20. Rxd7 1-0

[Event "10th Leiden Open A 2016"]
[Site "Leiden NED"]
[Date "2016.07.21"]
[Round "6.9"]
[White "Ratsma,Midas"]
[Black "Hendriks,W"]
[Result "0-1"]
[BlackTitle "IM"]
[WhiteElo "2171"]
[BlackElo "2407"]
[WhiteFideId "1032283"]
[BlackFideId "1000713"]
[EventDate "2016.07.15"]

1. d4 g6 2. c4 Bg7 3. Nc3 d6 4. e4 Nc6 5. d5 Nd4 6. Be3 e5 7. Nge2 Nxe2 8. Bxe2
f5 9. exf5 gxf5 10. Bh5+ Kf8 11. Qc2 Nf6 12. Bg5 Qd7 13. Be2 Qf7 14. O-O-O a6
15. f3 h6 16. Bxf6 Qxf6 17. g4 Ke7 18. Rdg1 Rg8 19. Bd3 fxg4 20. fxg4 Bd7 21.
Kb1 Raf8 22. Ne4 Qh4 23. c5 Rf3 24. cxd6+ cxd6 25. Qc7 Rxd3 26. Qxd6+ Ke8 27.
Nc5 Qe7 28. Qxe7+ Kxe7 29. Nxd3 Kd6 30. Nb4 a5 31. Nc2 Kxd5 32. g5 h5 33. Ne3+
Ke6 34. h4 Bc6 35. Rh2 Rf8 36. Kc2 Be4+ 37. Kd2 Bf3 38. Nc4 e4 39. Ke3 b5 40.
Nd2 Be5 41. Nf1 Bf4+ 42. Kd4 Rc8 43. b3 Be5+ 44. Ke3 Rc3+ 45. Kd2 b4 46. Re2
Bf4+ 47. Re3 Rd3+ 0-1

[Event "10th Leiden Open A 2016"]
[Site "Leiden NED"]
[Date "2016.07.21"]
[Round "6.10"]
[White "Lentjes,N"]
[Black "Rosen,E"]
[Result "0-1"]
[BlackTitle "IM"]
[WhiteElo "2250"]
[BlackElo "2393"]
[WhiteFideId "1029827"]
[BlackFideId "2032562"]
[EventDate "2016.07.15"]

1. e4 e5 2. Nf3 Nc6 3. Bc4 Nf6 4. d3 Bc5 5. O-O a6 6. c3 Ba7 7. Bb3 O-O 8. Re1
d6 9. h3 h6 10. Nbd2 Be6 11. Nf1 Re8 12. Bxe6 Rxe6 13. Ng3 d5 14. Qe2 Qd7 15.
Be3 d4 16. cxd4 Nxd4 17. Nxd4 Bxd4 18. Bxd4 Qxd4 19. Rac1 Qb6 20. Nf5 Rd8 21.
Qf3 Kh7 22. Red1 g6 23. Ne3 Kg7 24. Nc4 Qd4 25. Na5 Qxb2 26. Rb1 Qxa2 27. Nxb7
Rd4 28. Ra1 Qb2 29. Rdb1 Qd2 30. Nc5 Rb6 31. Rc1 Nd7 32. Qg3 Qb2 33. Kh2 Rf6 34.
Nxd7 Rxd7 35. f3 Re6 36. Rd1 Rxd3 37. Rab1 Qd4 38. Rdc1 c5 39. Rb7 c4 40. Qg4
Rc6 41. Qh4 Qd6 0-1

[Event "10th Leiden Open A 2016"]
[Site "Leiden NED"]
[Date "2016.07.21"]
[Round "6.11"]
[White "Schmidt Schaeffer,S"]
[Black "Van der Marel,B"]
[Result "1-0"]
[WhiteElo "2384"]
[BlackElo "2195"]
[WhiteFideId "4610148"]
[BlackFideId "1005855"]
[EventDate "2016.07.15"]

1. f4 d5 2. e3 g6 3. Nf3 Bg7 4. Be2 Nh6 5. O-O O-O 6. d4 Nf5 7. Nc3 c6 8. Qe1
Nd6 9. b3 Nd7 10. Bb2 Nf6 11. Ne5 Nfe4 12. Nxe4 Nxe4 13. c4 f6 14. Nd3 Be6 15.
Rc1 Qd7 16. Ba3 Rfc8 17. Qa5 b6 18. Qa6 Nd6 19. cxd5 Bxd5 20. Nb4 Be4 21. Bd3 f5
22. Rfd1 Rc7 23. Be2 Qc8 24. Qxc8+ Raxc8 25. Na6 Rd7 26. Bb4 Rcd8 27. Rd2 e6 28.
Bf3 g5 29. fxg5 e5 30. dxe5 Bxe5 31. Bxe4 Nxe4 32. Rxd7 Rxd7 33. h4 c5 34. Be1
Kf7 35. Kf1 Ke6 36. b4 Bd6 37. Ke2 Kd5 38. Kf3 Rf7 39. a4 f4 40. Rd1+ Ke5 41.
bxc5 bxc5 42. Rb1 fxe3+ 43. Kxe3 Re7 44. Rb5 Kf5 45. Kf3 Rf7 46. Nb8 Ke5+ 47.
Ke2 Kd5 48. Rb1 Be5 49. a5 Re7 50. Kf3 Rf7+ 51. Ke2 Ng3+ 52. Kd3 Nf5 53. Bf2 c4+
54. Ke2 c3 55. Rb5+ Ke4 56. Nc6 Bd6 57. Rb3 Kd5 58. Rxc3 Rc7 59. Nb4+ Ke4 60.
Rxc7 Bxc7 61. a6 Ng3+ 62. Kd1 Nf5 63. Bxa7 Ne7 64. Bf2 Nc8 65. Ke2 Kf5 66. Kf3 1-0

[Event "10th Leiden Open A 2016"]
[Site "Leiden NED"]
[Date "2016.07.21"]
[Round "6.12"]
[White "Sahil,Tic"]
[Black "Wiersma,E"]
[Result "0-1"]
[BlackTitle "IM"]
[WhiteElo "2016"]
[BlackElo "2354"]
[WhiteFideId "5019710"]
[BlackFideId "1002864"]
[EventDate "2016.07.15"]

1. d4 Nf6 2. c4 g6 3. Nc3 Bg7 4. e4 O-O 5. Nf3 d6 6. Be2 Bg4 7. O-O Nfd7 8. Be3
Nc6 9. d5 Bxf3 10. gxf3 Na5 11. Rc1 c5 12. b3 a6 13. Qd2 Re8 14. Bg5 Rb8 15. f4
b5 16. cxb5 axb5 17. Nxb5 Nf6 18. Nc3 Rb4 19. Bf3 Qd7 20. Qe2 h5 21. Kh1 Nh7 22.
Rg1 Nxg5 23. Rxg5 Bh6 24. Rcg1 Bxg5 25. Rxg5 Qh3 26. f5 Qh4 27. Qe3 Kh7 28. Ne2
c4 29. fxg6+ fxg6 30. Ng3 Rg8 31. Bxh5 cxb3 32. axb3 Rxb3 33. Qc1 Rxg3 34. fxg3
Qxe4+ 35. Kg1 Nb3 36. Bxg6+ Rxg6 37. Rh5+ Kg7 38. Qc3+ Qd4+ 39. Qxd4+ Nxd4 40.
Kg2 Rh6 41. Rg5+ Kf6 42. h4 Nf5 43. Kf3 Nxh4+ 44. gxh4 Rxh4 45. Rg8 Rd4 46. Rf8+
Kg7 47. Rf5 Kg6 48. Rf8 Rxd5 49. Ke4 Re5+ 0-1

[Event "10th Leiden Open A 2016"]
[Site "Leiden NED"]
[Date "2016.07.21"]
[Round "6.13"]
[White "Mensing,Andrew"]
[Black "Van Beek,Al"]
[Result "0-1"]
[BlackTitle "IM"]
[WhiteElo "1959"]
[BlackElo "2284"]
[WhiteFideId "1043285"]
[BlackFideId "1007262"]
[EventDate "2016.07.15"]

1. e4 e5 2. Nf3 Nc6 3. Bc4 Bc5 4. c3 Nf6 5. d3 O-O 6. O-O d5 7. exd5 Nxd5 8.
Nbd2 Nb6 9. Ne4 Nxc4 10. Nxc5 Nd6 11. Re1 b6 12. Qa4 Ne7 13. Ne4 Ng6 14. h4 Bd7
15. Qc2 Nxe4 16. dxe4 Bg4 17. Bg5 f6 18. Qb3+ Kh8 19. Nh2 fxg5 20. Nxg4 gxh4 21.
Rad1 Qg5 22. Ne3 h3 23. g3 h2+ 24. Kh1 Rxf2 25. Rd7 Qxg3 26. Qd1 Raf8 0-1

[Event "10th Leiden Open A 2016"]
[Site "Leiden NED"]
[Date "2016.07.21"]
[Round "6.14"]
[White "Sagar,S"]
[Black "Van Osch,Mees"]
[Result "1/2-1/2"]
[WhiteTitle "IM"]
[BlackTitle "FM"]
[WhiteElo "2433"]
[BlackElo "2275"]
[WhiteFideId "5022509"]
[BlackFideId "1035967"]
[EventDate "2016.07.15"]

1. d4 Nf6 2. c4 e6 3. Nf3 b6 4. g3 Bb7 5. Bg2 Be7 6. O-O O-O 7. Nc3 Na6 8. Ne5
d5 9. cxd5 exd5 10. Bf4 c5 11. Rc1 Re8 12. dxc5 Nxc5 13. Nb5 Ne6 14. Nd3 Rc8 15.
Qa4 Bc6 16. Ne5 Bxb5 17. Qxb5 Nxf4 18. gxf4 Bd6 19. Bh3 Rxc1 20. Rxc1 Bxe5 21.
fxe5 Nh5 22. Kf1 Qe7 23. Qxd5 Nf4 24. Qd7 Qxe5 25. Qxe8+ Qxe8 26. Rc8 Kf8 27.
Rxe8+ Kxe8 28. Bf5 g6 29. Bc2 Ke7 30. e3 Nd5 31. Ke2 h6 32. Bb3 Kd6 33. f4 f6
34. h4 g5 35. hxg5 fxg5 36. Kf3 gxf4 37. exf4 Nf6 38. Ke3 Kc5 39. Be6 1/2-1/2

[Event "10th Leiden Open A 2016"]
[Site "Leiden NED"]
[Date "2016.07.21"]
[Round "6.15"]
[White "Peng Zhaoqin"]
[Black "Galehdari,B"]
[Result "1-0"]
[WhiteTitle "GM"]
[WhiteElo "2385"]
[BlackElo "2080"]
[WhiteFideId "1004786"]
[BlackFideId "12505897"]
[EventDate "2016.07.15"]

1. Nf3 Nf6 2. c4 e6 3. Nc3 c5 4. e4 Nc6 5. Be2 a6 6. O-O Qc7 7. d4 cxd4 8. Nxd4
h5 9. Nxc6 bxc6 10. f4 Bc5+ 11. Kh1 d6 12. e5 Nd7 13. Ne4 d5 14. Nxc5 Nxc5 15.
Be3 Ne4 16. Bf3 f5 17. exf6 Nxf6 18. Bd4 O-O 19. Bxh5 Nxh5 20. Qxh5 Rf5 21. Qh4
c5 22. Be5 Qf7 23. Rf3 Rh5 24. Qd8+ Kh7 25. Rg3 Bb7 26. Qd6 g6 27. cxd5 Bxd5 28.
Qxc5 Bb7 29. Qe3 Rc8 30. Rc1 Qd7 31. h3 Rf5 32. Rxc8 Qxc8 33. Rg4 Qd7 34. Qc5 g5
35. Qc2 Kh6 36. Kh2 Qc6 37. Qe2 Qb5 38. Qe1 Qd5 39. Rxg5 Rxg5 40. Qh4+ Kg6 41.
Qxg5+ Kf7 42. Qg7+ Ke8 43. h4 1-0

[Event "10th Leiden Open A 2016"]
[Site "Leiden NED"]
[Date "2016.07.21"]
[Round "6.16"]
[White "Polak,Alexander"]
[Black "Behrens,H"]
[Result "1-0"]
[BlackTitle "FM"]
[WhiteElo "2106"]
[BlackElo "2248"]
[WhiteFideId "1039695"]
[BlackFideId "4602889"]
[EventDate "2016.07.15"]

1. e4 e6 2. d4 d5 3. Nc3 Bb4 4. e5 Qd7 5. a3 Bxc3+ 6. bxc3 b6 7. Nf3 Ba6 8. Bxa6
Nxa6 9. O-O Nb8 10. a4 Nc6 11. Qd3 Na5 12. Nd2 Ne7 13. Nb3 Nc4 14. f4 h5 15. Rf3
a5 16. Rh3 O-O-O 17. Nd2 Qc6 18. Nf3 Nf5 19. Ng5 Qd7 20. Qe2 f6 21. Nf3 Rde8 22.
Bd2 Kb7 23. Be1 Qf7 24. Nd2 Nxd2 25. Bxd2 fxe5 26. fxe5 Reg8 27. c4 Nxd4 28. Qd3
Nc6 29. cxd5 exd5 30. Qb5 Re8 31. Rc3 Nxe5 32. Rc5 Rhf8 33. Be3 c6 34. Rxc6 Nxc6
35. Qxb6+ Ka8 36. Qxc6+ Qb7 37. Qc5 Rf6 38. Qxa5+ Ra6 39. Qd2 Qc6 40. a5 Rf8 41.
h3 Qb5 42. Bb6 Re8 43. Rd1 Rxb6 44. axb6 Qxb6+ 45. Kh1 Rd8 46. Ra1+ Kb7 47. Qe1
Kc8 48. Qe7 Rd7 49. Qe8+ Kc7 50. Qxh5 Qf6 51. Ra7+ Kb6 52. Rxd7 Qf1+ 53. Kh2
Qf4+ 54. Kg1 1-0

[Event "10th Leiden Open A 2016"]
[Site "Leiden NED"]
[Date "2016.07.21"]
[Round "6.17"]
[White "Van Straaten,M"]
[Black "Wilschut,P"]
[Result "0-1"]
[WhiteElo "1941"]
[BlackElo "2237"]
[WhiteFideId "1019775"]
[BlackFideId "1007165"]
[EventDate "2016.07.15"]

1. e4 e6 2. d4 d5 3. Nc3 Bb4 4. e5 c5 5. a3 Ba5 6. b4 cxd4 7. Qg4 Ne7 8. bxa5
dxc3 9. Qxg7 Rg8 10. Qxh7 Nbc6 11. Nf3 Qc7 12. Bf4 Bd7 13. a6 O-O-O 14. axb7+
Kb8 15. Qd3 d4 16. Nxd4 Nxd4 17. Qxd4 Bb5 18. Qd6 Rxd6 19. exd6 Qxb7 20. Rb1 a6
21. dxe7+ Kc8 22. Bxb5 axb5 23. e8=Q+ Rxe8 24. O-O e5 25. Rfe1 f6 26. Rb3 Kd7
27. Rxc3 Rc8 28. Bd2 Rxc3 29. Bxc3 Qd5 30. h3 Qa2 31. Bb4 Qxc2 32. Re3 Ke6 33.
Rc3 Qe2 34. Re3 Qd1+ 35. Kh2 Qf1 36. f3 f5 37. Re1 Qc4 38. Kh1 Qd3 39. Kh2 e4
40. fxe4 fxe4 41. Kh1 Kd5 42. Rc1 e3 43. Re1 Kd4 44. Kh2 Qf5 45. Kh1 e2 46. Kh2
Ke3 47. Rg1 Qe5+ 48. Kh1 Kd3 49. Rc1 Qd5 50. Rg1 Ke3 51. Ba5 Kf4 52. Bc7+ Kg5
53. Ba5 Qb3 54. Bb4 Kf4 55. Re1 Qd1 56. Kg1 Kg3 57. Bc3 Qd5 0-1

[Event "10th Leiden Open A 2016"]
[Site "Leiden NED"]
[Date "2016.07.21"]
[Round "6.18"]
[White "Vistisen,L"]
[Black "Bekker,Michael"]
[Result "0-1"]
[WhiteElo "2167"]
[BlackElo "1929"]
[WhiteFideId "1404598"]
[BlackFideId "1038869"]
[EventDate "2016.07.15"]

1. e4 c6 2. d4 d5 3. e5 Bf5 4. Nf3 e6 5. Be2 Ne7 6. O-O Nd7 7. b3 c5 8. c3 h6 9.
Re1 Nc6 10. a3 Be7 11. Nbd2 O-O 12. Nf1 Rc8 13. h3 cxd4 14. cxd4 f6 15. exf6
Nxf6 16. Ng3 Ne4 17. Nxf5 exf5 18. Qd3 Bf6 19. Bb2 Qd6 20. Rac1 g5 21. Red1 Rcd8
22. Ne1 Rfe8 23. Bh5 Re7 24. Qf3 Rf8 25. Nc2 g4 26. Qd3 Rg7 27. hxg4 fxg4 28.
Ne3 Bh4 29. Rc2 Bxf2+ 30. Rxf2 Rxf2 31. Nxg4 Rxb2 32. Qe3 Qg3 33. Qxg3 Nxg3 34.
Nf6+ Kh8 35. Bf3 Ne2+ 36. Kh1 Ncxd4 37. Bxd5 Rc7 38. Bc4 Rc6 0-1

[Event "10th Leiden Open A 2016"]
[Site "Leiden NED"]
[Date "2016.07.21"]
[Round "6.19"]
[White "Plukkel,S"]
[Black "Buikstra,Arjon"]
[Result "0-1"]
[WhiteTitle "FM"]
[WhiteElo "2304"]
[BlackElo "2049"]
[WhiteFideId "1008676"]
[BlackFideId "1021834"]
[EventDate "2016.07.15"]

1. e4 c5 2. Nf3 Nc6 3. Bb5 e6 4. Bxc6 bxc6 5. O-O Ne7 6. e5 Ng6 7. d3 Be7 8. Nc3
O-O 9. Qe2 f6 10. Bd2 Ba6 11. b3 f5 12. g3 Rb8 13. h4 Rb4 14. h5 Nh8 15. Na4 Re4
16. Qd1 Rg4 17. Nh2 Rd4 18. Be3 Rd5 19. f4 c4 20. Nc3 cxd3 21. Nxd5 cxd5 22.
cxd3 d6 23. Bd4 Nf7 24. Qc2 dxe5 25. fxe5 Qe8 26. Rad1 Nd8 27. Qc7 Nc6 28. Bb2
Bc5+ 29. d4 Rf7 30. Qxf7+ Qxf7 31. dxc5 Bxf1 32. Rxf1 Qxh5 33. Nf3 Qg4 34. Kf2
Qb4 35. Rc1 g5 36. Rc2 h6 37. Nd2 a5 38. Ba1 Kf7 39. Ke1 h5 40. Kf2 Kg6 41. Nf3
f4 42. Bb2 fxg3+ 43. Kxg3 Qf4+ 44. Kg2 Qe4 0-1

[Event "10th Leiden Open A 2016"]
[Site "Leiden NED"]
[Date "2016.07.21"]
[Round "6.21"]
[White "De Niet,GM"]
[Black "Van Briemen,W"]
[Result "1-0"]
[WhiteElo "2165"]
[BlackElo "2047"]
[WhiteFideId "1006100"]
[BlackFideId "1026445"]
[EventDate "2016.07.15"]

1. d4 Nf6 2. c4 e6 3. Nf3 c5 4. d5 exd5 5. cxd5 d6 6. Nc3 g6 7. Bf4 Bg7 8. Qa4+
Bd7 9. Qb3 Qc7 10. e4 a6 11. a4 O-O 12. Nd2 Nh5 13. Be3 f5 14. exf5 Bxf5 15. Be2
Nf6 16. h3 Re8 17. O-O Nbd7 18. g4 Ne4 19. Bc4 Nxd2 20. Bxd2 Bxc3 21. Bxc3 Be4
22. f3 b5 23. axb5 axb5 24. Rxa8 Rxa8 25. Qxb5 Bc2 26. Qc6 Ra7 27. Rc1 Ba4 28.
Qxc7 Rxc7 29. b3 Nb6 30. Ba5 Nxc4 31. Bxc7 Bxb3 32. Kf2 Ne5 33. Rc3 Bxd5 34.
Bxd6 Nd7 35. Bxc5 Kf7 36. Bd4 Be6 37. f4 Nf8 38. Kg3 Nd7 39. Ra3 h6 40. Ra5 Nb8
41. f5 gxf5 42. gxf5 Bd7 43. Ra7 Ke7 44. f6+ Ke6 45. f7 Kxf7 46. Be5 1-0

[Event "10th Leiden Open A 2016"]
[Site "Leiden NED"]
[Date "2016.07.22"]
[Round "7.1"]
[White "Ten Hertog,H"]
[Black "Beerdsen,Thomas"]
[Result "1-0"]
[WhiteTitle "FM"]
[BlackTitle "FM"]
[WhiteElo "2458"]
[BlackElo "2414"]
[WhiteFideId "1026356"]
[BlackFideId "1030108"]
[EventDate "2016.07.15"]

1. c4 c5 2. g3 g6 3. Bg2 Bg7 4. Nc3 Nc6 5. a3 e6 6. b4 Nxb4 7. axb4 cxb4 8. Nf3
bxc3 9. d4 d5 10. h4 h6 11. Qb3 Ne7 12. Qxc3 O-O 13. Bf4 b6 14. g4 f5 15. g5 h5
16. c5 Nc6 17. O-O Bb7 18. cxb6 axb6 19. e3 Rc8 20. Qb2 Ra8 21. Rxa8 Bxa8 22.
Rb1 Rf7 23. Qxb6 Qxb6 24. Rxb6 Rb7 25. Rxb7 Bxb7 26. Bf1 Na5 27. Bd6 Nc4 28. Bc5
Kf7 29. Be2 Ke8 30. Kf1 Kd7 31. Ke1 Bc6 32. Nd2 Nxd2 33. Kxd2 e5 34. f4 exd4 35.
exd4 Kc7 36. Kc3 Kd7 37. Kb4 Kc7 38. Ka5 Kb7 39. Bd3 Bh8 40. Ba6+ Kc7 41. Bb6+
Kd6 42. Bd3 Bg7 43. Ka6 Kd7 44. Bc5 Kc7 45. Ka7 Bd7 46. Bb6+ Kc6 47. Bc5 Kc7 48.
Ba6 Be8 49. Bb6+ Kd6 50. Kb7 Ba4 51. Kc8 Ke7 52. Bc5+ Ke6 53. Kd8 Bd7 54. Bb7
Bh8 55. Bc8 Bxc8 56. Kxc8 Bg7 57. Kd8 Bh8 58. Ke8 Bg7 59. Bb6 1-0